| 000 | 00396nam a22001457a 4500 | ||
|---|---|---|---|
| 082 |
_a516.24 _bHUG _cL-4, P-13 |
||
| 100 |
_aHoward K. Hughes _939386 |
||
| 245 |
_aTrignometry _cHughes, K. Howard |
||
| 250 | _a2nd ed | ||
| 260 |
_aLondon _bJohn Wiley & Sons, Inc. _c1946 |
||
| 526 |
_a0 _b0 _c0 _d516_240000000000000_HUG |
||
| 650 |
_aMCE _9379 |
||
| 700 |
_aGlen T. Miller _939387 |
||
| 942 |
_2ddc _cBK |
||
| 999 |
_c543886 _d543886 |
||